000 00654cam a22002293a 4500
001 33663
003 PGUSA
005 20140828083728.0
008 100907s2010||||xxu|||||s|||||000 | eng d
040 _aPGUSA
_beng
042 _adc
100 1 _aPlanck, Max,
_d1858-1947
245 1 4 _aThe Origin and Development of the Quantum Theory
_h[electronic resource] /
_cMax Planck
260 _bProject Gutenberg,
_c2010
506 _aPublic domain in the USA.
516 _aElectronic text
700 1 _aClarke, H. T.
700 1 _aSilberstein, L.
830 0 _aProject Gutenberg
_v33663
856 4 0 _uhttp://www.gutenberg.org/ebooks/33663
942 _cEB
999 _c262918
_d262918